000 00702 a2200193 4500
999 _c1633
_d1633
020 _a9781408068243
050 0 0 _aHF5657.4 DRU2012
100 1 _aDrury, Colin.
_eauthor
245 0 0 _aManagement and cost accounting /
_cColin Drury.
250 _a8th ed.
264 _aHampsire:
_bcengage learning.,
_c2012
300 _axxii, 783 p. :
_bill. (some col.) ;
500 _aIncludes bibliographical references and index.
504 _aIncludes bibliographical references and index.
650 0 _aManagerial accounting.
650 0 _aCost accounting.
942 _2lcc
_cBK
_e8th
_h5657.4
_iDRU
_kHF